MARC details
| 000 -LEADER |
| fixed length control field |
02012nam a2200553 i 4500 |
| 001 - CONTROL NUMBER |
| control field |
21869 |
| 003 - CONTROL NUMBER IDENTIFIER |
| control field |
CZ PrNK |
| 005 - DATE AND TIME OF LATEST TRANSACTION |
| control field |
20260313140431.0 |
| 007 - PHYSICAL DESCRIPTION FIXED FIELD--GENERAL INFORMATION |
| fixed length control field |
ta |
| 008 - FIXED-LENGTH DATA ELEMENTS--GENERAL INFORMATION |
| fixed length control field |
230127s2023 xr a a 000 u cze |
| 015 ## - NATIONAL BIBLIOGRAPHY NUMBER |
| National bibliography number |
cnb003442195 |
| 020 ## - INTERNATIONAL STANDARD BOOK NUMBER |
| International Standard Book Number |
9788025633175 |
| Qualifying information |
(vázáno) |
| 035 ## - SYSTEM CONTROL NUMBER |
| System control number |
(OCoLC)1372328944 |
| 040 ## - CATALOGING SOURCE |
| Original cataloging agency |
ABG001 |
| Language of cataloging |
cze |
| Description conventions |
rda |
| 041 1# - LANGUAGE CODE |
| Language code of text/sound track or separate title |
cze |
| Language code of original |
eng |
| 072 #7 - SUBJECT CATEGORY CODE |
| Subject category code |
821-93-053.4 |
| Subject category code subdivision |
Literatura pro nejmenší děti |
| Source |
Konspekt |
| 080 ## - UNIVERSAL DECIMAL CLASSIFICATION NUMBER |
| Universal Decimal Classification number |
821-93-053.4 |
| Edition identifier |
MRF |
| 080 ## - UNIVERSAL DECIMAL CLASSIFICATION NUMBER |
| Universal Decimal Classification number |
636.1/.5 |
| Edition identifier |
MRF |
| 080 ## - UNIVERSAL DECIMAL CLASSIFICATION NUMBER |
| Universal Decimal Classification number |
(0.025.2) |
| Edition identifier |
MRF |
| 080 ## - UNIVERSAL DECIMAL CLASSIFICATION NUMBER |
| Universal Decimal Classification number |
(0.029) |
| Edition identifier |
MRF |
| 100 1# - MAIN ENTRY--PERSONAL NAME |
| Personal name |
Williams, Gareth, |
| Dates associated with a name |
1981- |
| Relationship |
ill |
| 240 10 - UNIFORM TITLE |
| Uniform title |
Little baby learns - farm. |
| Language of a work |
Česky |
| 245 10 - TITLE STATEMENT |
| Title |
Malé dítě se učí - farma / |
| Statement of responsibility, etc. |
ilustrace Gareth Williams |
| 246 30 - VARYING FORM OF TITLE |
| Title proper/short title |
Farma |
| 250 ## - EDITION STATEMENT |
| Edition statement |
První české vydání |
| 264 #1 - PRODUCTION, PUBLICATION, DISTRIBUTION, MANUFACTURE, AND COPYRIGHT NOTICE |
| Place of production, publication, distribution, manufacture |
Praha : |
| Name of producer, publisher, distributor, manufacturer |
Svojtka & Co., |
| Date of production, publication, distribution, manufacture, or copyright notice |
2023 |
| 300 ## - PHYSICAL DESCRIPTION |
| Extent |
9 nečíslovaných stran : |
| Other physical details |
barevné ilustrace ; |
| Dimensions |
27 cm + |
| Accompanying material |
12 dílků puzzle |
| 336 ## - CONTENT TYPE |
| Content type term |
text |
| Content type code |
txt |
| Source |
rdacontent |
| 336 ## - CONTENT TYPE |
| Content type term |
statický obraz |
| Content type code |
sti |
| Source |
rdacontent |
| 337 ## - MEDIA TYPE |
| Media type term |
bez média |
| Media type code |
n |
| Source |
rdamedia |
| 338 ## - CARRIER TYPE |
| Carrier type term |
svazek |
| Carrier type code |
nc |
| Source |
rdacarrier |
| 500 ## - GENERAL NOTE |
| General note |
Z angličtiny přeložil Josef Vyskočil |
| 500 ## - GENERAL NOTE |
| General note |
Kartonové listy |
| 500 ## - GENERAL NOTE |
| General note |
Částečně vlepeno v pevných deskách s magnetickým uzávěrem; dílky puzzle uloženy v plastovém pouzdře přilepeném k deskám knihy |
| 520 2# - SUMMARY, ETC. |
| Summary, etc. |
Knížka s pevnými listy seznámí se zvířaty na farmě. Dílky puzzle přesně zapadnou na vyznačená místa v knížce. |
| 521 8# - TARGET AUDIENCE NOTE |
| Target audience note |
Pro děti od 1 roku |
| 650 07 - SUBJECT ADDED ENTRY--TOPICAL TERM |
| Topical term or geographic name entry element |
hospodářská zvířata |
| Source of heading or term |
czenas |
| 650 09 - SUBJECT ADDED ENTRY--TOPICAL TERM |
| Topical term or geographic name entry element |
livestock |
| Source of heading or term |
eczenas |
| 655 #7 - INDEX TERM--GENRE/FORM |
| Genre/form data or focus term |
leporela |
| Source of term |
czenas |
| 655 #7 - INDEX TERM--GENRE/FORM |
| Genre/form data or focus term |
puzzle |
| Source of term |
czenas |
| 655 #7 - INDEX TERM--GENRE/FORM |
| Genre/form data or focus term |
publikace pro nejmenší děti |
| Source of term |
czenas |
| 655 #9 - INDEX TERM--GENRE/FORM |
| Genre/form data or focus term |
folding picture-books |
| Source of term |
eczenas |
| 655 #9 - INDEX TERM--GENRE/FORM |
| Genre/form data or focus term |
jigsaw puzzles |
| Source of term |
eczenas |
| 655 #9 - INDEX TERM--GENRE/FORM |
| Genre/form data or focus term |
publications for small children |
| Source of term |
eczenas |
| 700 1# - ADDED ENTRY--PERSONAL NAME |
| Personal name |
Vyskočil, Josef |
| Relationship |
trl |
| 901 ## - LOCAL DATA ELEMENT A, LDA (RLIN) |
| b |
9788025633175 |
| f |
1. české vydání |
| o |
20230202 |
| 910 ## - USER-OPTION DATA (OCLC) |
| User-option data |
ABA001 |
| 942 ## - ADDED ENTRY ELEMENTS (KOHA) |
| Source of classification or shelving scheme |
Dewey Decimal Classification |
| Koha item type |
Krásna literatúra pre deti |
| Suppress in OPAC |
No |